LEADER 01573nam a2200313 u 4500 001 000000029369 003 CaOOAMICUS 005 20070226111917.0 008 970304s1995 it u000 u ita u 020 $a88 348 5071 8 035 $a10754026 040 $aPUL$bita 100 1 $aBertolino, Rinaldo.$0(OLS)http://pul/name/11667 245 10$aMatrimonio canonico e "bonum coniugum" :$bper una lettura personalistica del matrimonio cristiano. 260 $aTorino :$bGiappichelli,$c1995. 300 $a137 p. ;$c20 cm 490 1 $aCollana di studi di diritto canonico ed ecclesiastico.$aSezione canonistica ;$v14 650 4$aMatrimonio (diritto canonico).$0(OLS)http://pul/subject/475 830 0$aCollana di studi di diritto canonico ed ecclesiastico.$pSezione canonistica ;$v14.$0(OLS)http://pul/title/11570 850 $aPUL 852 $aPUL$W1$xSL Diritto Canonico 2$y76$mUtrCan C 3a.14bis$j40703$nBK-PRI$qStampati altre collocazioni$B40703$CPULBib$Z2$F40703 $H74157 $82 852 $aPUL$W1$xSL Diritto Canonico 3$y77$m262. 99 CAN.7 1.1.14$j158854$nBK-PRI$qDDC 21$B158377$CPULBib$Z2$F158377 $H123730 $82 941 1 $a9 941 1 $a10 960 $aDiritto matrimoniale canonico$9475 961 $aCopia mancante 996 $6020$a88 348 5071 8$9(OLS)http://pul/number/36700 996 $6245$aMatrimonio canonico e "bonum coniugum" :$bper una lettura personalistica del matrimonio cristiano$9(OLS)http://pul/title/40216 996 $6260$aTorino :$bGiappichelli$9(OLS)http://pul/publisher/48244 LEADER 01585nam a2200301 a 4500 001 000000083167 003 CaOOAMICUS 005 20180508104731.0 008 050429m19561959fr u000 u fre r 032 $aLibriCat 035 $a11043537 040 $aPUL(R)$bita 130 0 $aBiblia.$lFrancese.$0(OLS)http://pul/title/5322 245 13$aLa Bible :$bAncien Testament /$cédition publiée sous la direction d'Édouard Dhorme. 260 $a[Paris] :$bGallimard,$c1956-1959. 300 $a2 v. ;$c18 cm 490 1 $aBibliothèque de la Pléiade 505 1 $av. 1. Ancien Testament: La loi ou le Pentateuque, Livres historique. -- v. 2. Ancien Testament: Les quatre grandes prophètes, Les douze petits prophètes, Les trois livres poetiques, Les cinq rouleaux. 700 1 $aDhorme, Édouard Paul,$cO.P.,$d1881-1966.$0(OLS)http://pul/name/12350 830 0$aBibliothèque de la Pléiade.$0(OLS)http://pul/title/15042 850 $aPUL 852 $aPUL$W1$xDP1 Fondo Cecchetti$y53$m263 G 15$j105852$nBK-PRI$b $qFondi$B105852$CPULBib$Z2$F105852 $HPUL578 $81 852 $aPUL$W1$xDP1 Fondo Dalla Palma$y117$m3 D 64.2$j191405$bv. 2$qFondi$B195217$CPULBib$Z2$F195217 $HDal1683 $81 852 $aPUL$W1$xDP1 Fondo Dalla Palma$y117$m3 D 64.1$j191404$bv. 1$qFondi$B195216$CPULBib$Z2$F195216 $HDal1682 $81 941 1 $a1 996 $6245$aLa Bible :$bAncien Testament$9(OLS)http://pul/title/74412 996 $6260$a[Paris] :$bGallimard$9(OLS)http://pul/publisher/69145